| 000 | 01217nam a22004097a 4500 | ||
|---|---|---|---|
| 003 | OSt | ||
| 008 | 150511b xxu||||| |||| 00| 0 eng d | ||
| 100 | 1 | _aHeijtz, Stefan | |
| 020 | _a9179708781 | ||
| 041 | _aeng | ||
| 245 | 1 | 0 | _aSpecialised stamp catalogue of the Falkland Islands and Dependencies including postal history and cancellations, 1800-1990, now also with British Antarctic Territory / |
| 260 |
_aStockholm _bS. Heijtz, |
||
| 300 | _a0 pages | ||
| 650 | 0 | _aFalkland Islands | |
| 650 | 0 | _aFalkland Islands Dependencies | |
| 650 | 0 | _aBritish Antarctic Territory (1962-) | |
| 650 | 0 | _aBritish Colonies | |
| 650 | 0 | _aCatalogs and Price Lists | |
| 650 | 0 | _aPostal History | |
| 650 | 0 | _aPolar Mail | |
| 650 | 0 | _aPostal Markings | |
| 650 | 0 | _a1800-1990 | |
| 650 | 0 | _a19th Century | |
| 650 | 0 | _a20th Century | |
| 650 | 0 | _aProduction | |
| 650 | 0 | _aErrors and Varieties | |
| 650 | 0 | _aPostal Rates | |
| 650 | 0 | _aPostal Stationery | |
| 650 | 0 | _aRegistered Mail | |
| 650 | 0 | _aPost Office Seals and Labels | |
| 650 | 0 | _aSeals and Labels | |
| 650 | 0 | _aAir Mail | |
| 650 | 0 | _aCensored Mail | |
| 650 | 0 | _aArgentina | |
| 650 | 0 | _aOccupation of Falkland Islands | |
| 700 | 1 | _a2nd ed. -- | |
| 999 |
_c1430 _d1430 |
||